Visitors’ perception of outdoor recreational facilities in Murree . (Record no. 534672)
[ view plain ]
| 000 -LEADER | |
|---|---|
| fixed length control field | 00527nam a22001577a 4500 |
| 020 ## - INTERNATIONAL STANDARD BOOK NUMBER | |
| Qualifying information | Hard Cover. |
| 082 ## - DEWEY DECIMAL CLASSIFICATION NUMBER | |
| Classification number | 307.1 |
| 100 ## - MAIN ENTRY--PERSONAL NAME | |
| Personal name | Javed, Amna |
| 245 ## - TITLE STATEMENT | |
| Title | Visitors’ perception of outdoor recreational facilities in Murree . |
| Statement of responsibility, etc. | Amna Javed. |
| 260 ## - PUBLICATION, DISTRIBUTION, ETC. | |
| Place of publication, distribution, etc. | Islamabad : |
| Name of publisher, distributor, etc. | NIT - NUST, |
| Date of publication, distribution, etc. | 2015. |
| 300 ## - PHYSICAL DESCRIPTION | |
| Extent | ix, 76 p. ill : |
| Dimensions | 30cm. |
| 942 ## - ADDED ENTRY ELEMENTS (KOHA) | |
| Source of classification or shelving scheme | |
| Koha item type | Thesis |
| 650 ## - SUBJECT ADDED ENTRY--TOPICAL TERM | |
| Topical term or geographic name entry element | Urban and Regional Planning - MS Thesis. |
| 700 ## - ADDED ENTRY--PERSONAL NAME | |
| Personal name | Asstt. Prof. Dr. Asghar Naeem. |
| 650 ## - SUBJECT ADDED ENTRY--TOPICAL TERM | |
| -- | 16266 |
| 700 ## - ADDED ENTRY--PERSONAL NAME | |
| -- | 28976 |
| Withdrawn status | Lost status | Source of classification or shelving scheme | Damaged status | Not for loan | Permanent Location | Current Location | Shelving location | Date acquired | Total Checkouts | Full call number | Barcode | Date last seen | Price effective from | Koha item type |
|---|---|---|---|---|---|---|---|---|---|---|---|---|---|---|
| Central Library (CL) | Central Library (CL) | Thesis | 03/15/2020 | 307.1 | CL-T-5535 | 03/15/2020 | 03/15/2020 | Thesis |
